000 00897cab a2200217 4500
001 WB2642-13
008 090401t1990 xxu||||| |||| 00| 0 eng d
035 _a(Sirsi) u2843
041 _aeng
245 _aBuilding profession produces green audit plan
260 _c1990
350 _a0
490 _aPlanning (for the Natural and Built Environment)
_vno 89 19/10/90 p7
520 _aHouse Builders Federation "The housebuilding industry and environment - an audit of the industry`s performance and recommendations for action" available from 82 New Cavendish Street, London W1M 8DD looks at the contribution house builders can make to the environment by planning new settlements with houses built to energy saving requirements.
650 _aLANDSCAPING
650 _aPLANNING
650 _aVILLAGES
690 _aENVIRONMENTAL AND LAND CONSULTANCY
942 _n0
948 _c04/03/1997
999 _c1710
_d1710